Podpora moderovania používateľskej štúdie

Guardado en:
Detalles Bibliográficos
Autor principal: Chodorčuk, Erik (Autor)
Otros Autores: Hlaváč, Patrik (Orientador)
Formato: Manuscrito Libro
Lenguaje:eslovaco
Publicado: 2017
Materias:
Acceso en línea:http://is.stuba.sk/zp/portal_zp.pl?podrobnosti=115504
Etiquetas: Agregar Etiqueta
Sin Etiquetas, Sea el primero en etiquetar este registro!

MARC

LEADER 00000ntm a22000003a 4500
001 stuzp64378
003 SK-STU
005 20170624213321.1
007 ta
008 150427s2015----xo-----f-mn---000-0-slo-d
040 |a STU  |b slo 
041 0 |a slo 
100 1 |a Chodorčuk, Erik  |u 070200  |4 aut  |U FIIT Fakulta informatiky a informačných technológií  |T FIIT Ústav informatiky, informačných systémov a softvérového inžinierstva  |X 73919  |U I200  |Y 179  |7 73919 
242 0 1 |a Support for moderation of user study  |y eng 
245 1 0 |a Podpora moderovania používateľskej štúdie 
260 |c 2017 
650 4 |a okulograf  |2 slo 
650 4 |a sledovanie pohybu očí  |2 slo 
650 4 |a inštrukcie  |2 slo 
650 4 |a information  |2 eng 
650 4 |a instructions  |2 eng 
650 4 |a eyetracking  |2 eng 
700 1 |a Hlaváč, Patrik  |u 070200  |k Z3  |4 ths  |U FIIT Fakulta informatiky a informačných technológií  |T FIIT Ústav informatiky, informačných systémov a softvérového inžinierstva  |X 5659  |U I200  |Y 179  |7 5659 
856 4 |u http://is.stuba.sk/zp/portal_zp.pl?podrobnosti=115504 
996 |b 11365  |c I* BAP140/17  |l II680  |s P  |a 0  |w stuzp64378_0001